000
00294nam a22001337a 4500
008
170315b xxu||||| |||| 00| 0 eng d
020
_a
9781617310560
041
_a
eng
080
_2
2ND
_a
611
100
_a
7
101
_a
SHM
245
_a
ANATOMY & PHYSIOLOGY
_c
AMERMAN, E.C
942
_2
udc
_c
BK
999
_c
7919
_d
7919